Birds : the aerial hunters
| Main Author: | |
|---|---|
| Format: | Book |
| Published: |
New York :
Facts On File ,
1990
|
| Series: | Encyclopedia of the animal world
|
| Subjects: |
MARC
| LEADER | 00000cam a2200000 7i4500 | ||
|---|---|---|---|
| 001 | 0000005423 | ||
| 002 | 000005860 | ||
| 005 | 20060207.0 | ||
| 020 | |a 0816019630 | ||
| 090 | 0 | 0 | |a 591.51 |b BRA |
| 100 | 1 | |a Bramwell, Martyn | |
| 245 | 1 | 0 | |a Birds : |b the aerial hunters |c Martyn Bramwell |
| 260 | |a New York : |b Facts On File , |c 1990 | ||
| 300 | |a 96p : |b ill ; |c 29cm. | ||
| 490 | 0 | |a Encyclopedia of the animal world | |
| 650 | 0 | 0 | |a Birds of prey |
| 999 | |a 028899 |b BUKU |c JUNIOR BOOKS |e PERPUSTAKAAN KOMUNITI PETALING JAYA | ||